| 000 | 00637nam a2200181 a 4500 | ||
|---|---|---|---|
| 005 | 20140412111250.0 | ||
| 008 | 000824s19uu xx 00 eng d | ||
| 020 | _a0-590-45362-9 | ||
| 050 |
_aTR(PS E _bAn5 1980 |
||
| 100 | _aBarrett, Judi | ||
| 245 |
_aAnimals should definitely not act like people / _cwritten by Judi Barrett ; and drawn by Ron Barrett. |
||
| 260 |
_aNew York : _bScholastic Inc, _c1980. |
||
| 300 | _a1 v. (unp.) ; ill. | ||
| 520 | _aAnimals should definitely not act like people because it would be foolish for a fish to go fishing! | ||
| 650 | _aAnimals-Fiction | ||
| 650 | _aPeople-Fiction | ||
| 999 |
_c103129 _d103129 |
||